Bilecik Bilecik Bilecik Bilecik Bilecik

Paniğe gerek yok : (Record no. 49495)

MARC details
000 -BAŞLIK
Sabit Uzunluktaki Kontrol Alanı 00839nam a22002897a 4500
001 - KONTROL NUMARASI
Control Dosyası 0049658
003 - KONTROL NUMARASI KİMLİĞİ
Kontrol Alanı KOHA_MİRAKIL
005 - EN SON İŞLEM TARİHİ ve ZAMANI
Kontrol Alanı 20260207003659.0
007 - FİZİKSEL TANIM SABİT ALAN - GENEL BİLGİ
Sabit uzunluklu kontrol alanı ta
008 - SABİT UZUNLUKTAKİ VERİ ÖGELERİ - GENEL BİLGİ
Sabit Alan 150629b2013 tu |||gr||||#||||0|tur |
020 ## - ISBN - ULUSLARARASI STANDART KİTAP NUMARASI
Isbn 9786055216566
040 ## - KATALOGLAMA KAYNAĞI
Özgün Kataloglama Kurumu TR-BiSEU
Kataloglama Dili tur
Çeviri Kurumu TR-BiSEU
Açıklama Kuralları rda
041 0# - DİL KODU
Metin ya da ses kaydının dil kodu tur
044 ## - YAYINLAYAN/ÜRETEN KURULUŞUN ÜLKE KODU
ISO country code tu
050 ## - SINIFLAMA ve YER NUMARASI
Sınıflama Numarası RA784
Yer Numarası .E74 2013
100 1# - KİŞİ ADI
Yazar Adı (Kişi adı) Ergüven, Ahmet Tarık.
245 1# - ESER ADI BİLDİRİMİ
Başlık Paniğe gerek yok :
Alt Eseradı vb. kolay, hızlı ve kalıcı form/
Sorumluluk Bildirimi Ahmet Tarık Ergüven ; Ahmet Tarık Ergüven.
250 ## - BASIM BİLDİRİMİ
Basım Bildirimi 2. Baskı
264 #1 - ÜRERİM, YAYIN, DAĞITIM ve TELİF BİLDİRİMİ
Yayın yeri Ankara :
Yayınlayan Detay
Yayın tarihi 2013
300 ## - FİZİKSEL TANIMLAMA
Sayfa, Cilt vb. 152 sayfa ;
Boyutları 22 cm.
336 ## - İÇERİK TÜRÜ
Content type term metin
Content type code txt
Source rdacontent
337 ## - MEDYA TÜRÜ
Media type term aracısız
Media type code n
Source rdamedia
338 ## - TAŞIYICI TÜRÜ
Carrier type term cilt
Carrier type code nc
Source rdacarrier
490 1# - DİZİ BİLDİRİMİ
Dizi Bildirimi Detay yayınları ;
Cilt Numarası 542
830 1# - SERİ EK GİRİŞİ - TEKBİÇİM ESER ADI
Tekbiçim Başlık Detay yayınları ;
Volume number/sequential designation 542
9 (RLIN) 1998
942 ## - EK GİRİŞ ÖGELERİ (KOHA)
Source of classification or shelving scheme Library of Congress Classification
Koha item type Book
Holdings
Materyal Türü Kalıcı Konum Mevcut Konum Raf Yeri Sınıflandırma Kaynağı Edinim Bilgisi Ana Konular Alt Konular Yer Numarası Demirbaş Numarası Fatura Tarihi Maliyet, Alış Fiyatı Maliyet, Yenileme Fiyatı Geri Çekilme Durumu Kayıp Durumu Hasarlı Durumu Kredi için değil Kayıt Tarih Toplam Ödünçverme Son Görülme Tarihi Son Kontrol Tarihi Satın Alma Notu
Book Prof. Dr. Azmi Özcan Kütüphanesi Prof. Dr. Azmi Özcan Kütüphanesi Birûni Salonu Library of Congress Classification Satın TIP Tıbbın Sosyal Yönleri (Halk Sağlığı) RA784 .E74 2013 0049658 07/07/2015 7.75 7.75         29/06/2015   05/12/2024 05/12/2024 B-984687 - B-984797